[Event "XXVI Torneo Abierto de Collado"]
[Site "Collado Villalba"]
[Date "2010.08.20"]
[Round "1"]
[White "Iturrizaga, Eduardo"]
[Black "Perez De Villar Munoz, Eusebio"]
[Result "1-0"]
[WhiteElo "2614"]
[BlackElo "2038"]
[PlyCount "50"]
[EventDate "2010.08.20"]
[EventRounds "9"]
[EventCountry "ESP"]

1. Nf3 d5 2. c4 c6 3. e3 Nf6 4. Nc3 e6 5. Qc2 Be7 6. b3 Nbd7 7. Bb2 O-O 8. d4
Bd6 9. Be2 Qe7 10. O-O h6 11. Rad1 Re8 12. e4 dxe4 13. Nxe4 Nxe4 14. Qxe4 Nf6
15. Qc2 Bd7 16. Ne5 Bxe5 17. dxe5 Nh7 18. Rd6 Rad8 19. Rfd1 Nf8 20. Ba3 Qg5 21.
Qe4 b6 22. f4 Qf5 23. Qxf5 exf5 24. c5 b5 25. Bf3 Ne6 1-0

[Event "XXVI Torneo Abierto de Collado"]
[Site "Collado Villalba"]
[Date "2010.08.20"]
[Round "1"]
[White "Rodriguez Gomez, Vicente"]
[Black "Vazquez Igarza, Renier"]
[Result "1/2-1/2"]
[WhiteElo "2026"]
[BlackElo "2527"]
[PlyCount "89"]
[EventDate "2010.08.20"]
[EventRounds "9"]
[EventCountry "ESP"]

1. e4 c5 2. c3 Nf6 3. e5 Nd5 4. d4 cxd4 5. Nf3 e6 6. Bc4 d6 7. O-O Nb6 8. Bb3
dxe5 9. Nxe5 Nc6 10. Nxc6 bxc6 11. cxd4 Be7 12. Nc3 O-O 13. Qd3 Nd5 14. Rd1 a5
15. Bc2 g6 16. a3 Re8 17. Ne4 Ba6 18. Qf3 Rb8 19. Rb1 f5 20. Nc5 Bxc5 21. dxc5
Qh4 22. b3 Qe7 23. b4 axb4 24. axb4 Rxb4 25. Rxb4 Nxb4 26. Ba4 Bb5 27. Bxb5
cxb5 28. Bb2 Nd5 29. Qe2 h6 30. Qxb5 Rc8 31. Rc1 Kh7 32. Be5 g5 33. c6 Kg6 34.
Qa6 Qe8 35. h3 Ne7 36. c7 Qd7 37. g4 Kf7 38. gxf5 Nxf5 39. Qe2 Kg6 40. Rd1 Qe8
41. Qe4 Kh5 42. Qg4+ Kg6 43. Qe4 Kh5 44. Qg4+ Kg6 45. Qe4 1/2-1/2

[Event "XXVI Torneo Abierto de Collado"]
[Site "Collado Villalba"]
[Date "2010.08.20"]
[Round "1"]
[White "Moreno Ruiz, Javier"]
[Black "Lopez Heras, Arturo"]
[Result "1-0"]
[WhiteElo "2494"]
[BlackElo "2024"]
[PlyCount "67"]
[EventDate "2010.08.20"]
[EventRounds "9"]
[EventCountry "ESP"]

1. c4 Nf6 2. g3 e5 3. Bg2 d5 4. cxd5 Nxd5 5. Nf3 Nc6 6. O-O Be6 7. Nc3 f6 8. d4
Nxc3 9. bxc3 e4 10. Nd2 f5 11. e3 h5 12. f3 h4 13. fxe4 fxe4 14. Nxe4 hxg3 15.
hxg3 Qd7 16. Ng5 Bc4 17. Rb1 O-O-O 18. Rf4 Bd6 19. e4 Bxf4 20. Bxf4 Qe7 21. Qa4
Bd3 22. Rd1 Ba6 23. e5 Nxe5 24. Ne4 Ng4 25. Re1 Qd7 26. Qxd7+ Rxd7 27. Nc5 Rdd8
28. Re7 Rde8 29. Rxc7+ Kd8 30. Rd7+ Kc8 31. Bxb7+ Bxb7 32. Rxb7 Re1+ 33. Kg2
Rh2+ 34. Kf3 1-0

[Event "XXVI Torneo Abierto de Collado"]
[Site "Collado Villalba"]
[Date "2010.08.20"]
[Round "1"]
[White "Arias Castanedo, Jacinto"]
[Black "Roa Alonso, Santiago"]
[Result "0-1"]
[WhiteElo "2018"]
[BlackElo "2454"]
[PlyCount "106"]
[EventDate "2010.08.20"]
[EventRounds "9"]
[EventCountry "ESP"]

1. Nf3 c5 2. e4 Nc6 3. Nc3 Nf6 4. g3 d6 5. Bg2 g6 6. O-O Bg7 7. d3 O-O 8. Re1
Bg4 9. h3 Bxf3 10. Bxf3 Nd7 11. Bg2 Nd4 12. Ne2 Qa5 13. Nxd4 cxd4 14. Bd2 Qb6
15. Rb1 Qa6 16. Ra1 Rac8 17. Bg5 Rc5 18. Bc1 Rfc8 19. Re2 Qa4 20. b3 Qc6 21. e5
d5 22. Ba3 Bxe5 23. Bxc5 Qxc5 24. f4 Bg7 25. a4 e6 26. Qd2 a5 27. h4 h5 28.
Rae1 Rc6 29. Bf3 Nf6 30. Rh2 Bf8 31. Rf1 Qb6 32. Rff2 Qc7 33. Rhg2 Bd6 34. Qe2
Kf8 35. Qf1 e5 36. fxe5 Bxe5 37. Bd1 Kg7 38. Kh2 Re6 39. Bf3 Qd6 40. Re2 Ng8
41. Qe1 Nh6 42. Qxa5 Nf5 43. Bxd5 Bxg3+ 44. Kg1 Rxe2 45. Rxe2 Ne3 46. Bg2 Qf4
47. Qg5 Qd6 48. Bxb7 Bf4 49. Qa5 Qf6 50. Qe1 Bg3 51. Qc1 Qxh4 52. c3 Bf4 53.
Qe1 Bh2+ 0-1

[Event "XXVI Torneo Abierto de Collado"]
[Site "Collado Villalba"]
[Date "2010.08.20"]
[Round "1"]
[White "Valles Moreno, Ivan"]
[Black "Gomez Gonzalez, Javier"]
[Result "0-1"]
[WhiteElo "2394"]
[BlackElo "2016"]
[PlyCount "74"]
[EventDate "2010.08.20"]
[EventRounds "9"]
[EventCountry "ESP"]

1. d4 Nf6 2. c4 e6 3. Nc3 Bb4 4. e3 O-O 5. Bd3 d5 6. Nge2 c5 7. cxd5 exd5 8. a3
Bxc3+ 9. bxc3 Nc6 10. O-O Re8 11. f3 Na5 12. Ra2 Bd7 13. Nf4 b5 14. g4 Bc6 15.
g5 Nd7 16. Rg2 Nc4 17. Re1 Nf8 18. Nh5 Ng6 19. f4 Bd7 20. f5 Nh4 21. Nxg7 Nxg2
22. Kxg2 Qxg5+ 23. Kh1 Kh8 24. Rg1 Qh4 25. Nxe8 Rxe8 26. e4 f6 27. Rg4 Qh3 28.
Rg3 Qh4 29. Qe1 Qh5 30. Be2 Qf7 31. Qg1 dxe4 32. Bh6 e3 33. h3 Bc6+ 34. Kh2 Rg8
35. Bh5 Qc7 36. dxc5 Nd2 37. Bg4 Rxg4 0-1

[Event "XXVI Torneo Abierto de Collado"]
[Site "Collado Villalba"]
[Date "2010.08.20"]
[Round "1"]
[White "Vargas Huamani, Juan C"]
[Black "Kovacevic, Slobodan"]
[Result "0-1"]
[WhiteElo "2013"]
[BlackElo "2392"]
[PlyCount "118"]
[EventDate "2010.08.20"]
[EventRounds "9"]
[EventCountry "ESP"]

1. e4 c5 2. Nf3 e6 3. d4 cxd4 4. Nxd4 a6 5. Be3 Nf6 6. Bd3 Qc7 7. O-O Be7 8.
Qe2 b6 9. Nd2 d6 10. f4 Bb7 11. Kh1 Nbd7 12. N4b3 O-O 13. c3 Rfd8 14. Bg1 e5
15. fxe5 dxe5 16. Rad1 b5 17. Nf3 Nf8 18. Ne1 Ne6 19. Nd2 Nf4 20. Qf3 Rd7 21.
Bb1 Rad8 22. Be3 Bc5 23. Bxc5 Qxc5 24. Nb3 Qb6 25. Rxd7 Rxd7 26. h3 a5 27. Rf2
h6 28. Rd2 a4 29. Rxd7 Nxd7 30. Nd2 Nc5 31. Kh2 Nce6 32. Nd3 Ng5 33. Qf2 Qf6
34. Nxf4 exf4 35. Qd4 Qe7 36. e5 Ne6 37. Qd3 Qg5 38. Qe2 Qg3+ 39. Kg1 Ng5 40.
Kf1 f3 41. Nxf3 Nxf3 42. gxf3 Qxh3+ 43. Kf2 Qh2+ 44. Ke1 Qg1+ 45. Qf1 Qe3+ 46.
Qe2 Qc1+ 47. Qd1 Qxd1+ 48. Kxd1 Bxf3+ 49. Kd2 Kf8 50. Bd3 Bc6 51. Ke3 Ke7 52.
c4 bxc4 53. Bxc4 g5 54. b3 axb3 55. axb3 h5 56. Be2 h4 57. Bf1 Ke6 58. Kd4 g4
59. Bc4+ Ke7 0-1

[Event "XXVI Torneo Abierto de Collado"]
[Site "Collado Villalba"]
[Date "2010.08.20"]
[Round "1"]
[White "Elissalt Cardenas, Hector"]
[Black "Sanchez Delgado, Lidia"]
[Result "1-0"]
[WhiteElo "2357"]
[BlackElo "2003"]
[PlyCount "149"]
[EventDate "2010.08.20"]
[EventRounds "9"]
[EventCountry "ESP"]

1. d4 Nf6 2. Nc3 d5 3. Bg5 Nc6 4. f4 Bf5 5. e3 Ng4 6. Qd2 h6 7. Bh4 g5 8. Bg3
a6 9. Nf3 gxf4 10. Bxf4 Rg8 11. a3 e6 12. h3 Nf6 13. Bd3 Bxd3 14. cxd3 Nh5 15.
g4 Nxf4 16. exf4 Qf6 17. Ne2 Bd6 18. O-O-O O-O-O 19. Kb1 Kb8 20. Rc1 h5 21. Ne5
Ne7 22. Ng3 hxg4 23. Nh5 Qh6 24. hxg4 Bxe5 25. g5 Qg6 26. dxe5 d4 27. Nf6 Rh8
28. Nd7+ Kc8 29. Qc2 c6 30. Rxh8 Rxh8 31. Nc5 Kc7 32. Qb3 Rb8 33. Qb4 Nf5 34.
Qa5+ b6 35. Nxa6+ Kb7 36. Qa4 Ne7 37. Nxb8 Qxd3+ 38. Ka1 Kxb8 39. Rd1 Qf3 40.
Rxd4 Nd5 41. Qd1 Qf2 42. Qd2 Qf1+ 43. Ka2 Kb7 44. Qd3 Qf2 45. Ra4 Kb8 46. Rc4
Kb7 47. Qh7 b5 48. Qxf7+ Kb6 49. Rc1 Qd2 50. Kb1 Qd3+ 51. Ka1 Qd2 52. Rh1 Qg2
53. Qh7 Nxf4 54. Qh2 Qxg5 55. Qf2+ c5 56. Qd2 Qxe5 57. Re1 Qc7 58. Re4 e5 59.
Qe3 Ng6 60. b4 Qd6 61. Kb2 Nf4 62. bxc5+ Qxc5 63. Qxc5+ Kxc5 64. Rxe5+ Nd5 65.
Rh5 Kc4 66. Rh4+ Kc5 67. Kb3 Nb6 68. Kc3 Nd5+ 69. Kd3 Nf6 70. Rh6 Nd5 71. Rh5
Kc6 72. Kd4 Ne7 73. Rh6+ Kb7 74. Kc5 Ka7 75. Rh7 1-0

[Event "XXVI Torneo Abierto de Collado"]
[Site "Collado Villalba"]
[Date "2010.08.20"]
[Round "1"]
[White "Perez Pascual, Arturo"]
[Black "Perez Gonzalez, Jose Manuel"]
[Result "1/2-1/2"]
[WhiteElo "1999"]
[BlackElo "2324"]
[PlyCount "84"]
[EventDate "2010.08.20"]
[EventRounds "9"]
[EventCountry "ESP"]

1. e4 c5 2. Nf3 d6 3. d4 cxd4 4. Nxd4 Nf6 5. Nc3 e6 6. Bg5 Be7 7. f4 h6 8. Bh4
Nxe4 9. Bxe7 Nxc3 10. Bxd8 Nxd1 11. Rxd1 Kxd8 12. Nb5 Nc6 13. Nxd6 Ke7 14. Nb5
Bd7 15. c3 Rhd8 16. Be2 a6 17. Nd6 Be8 18. Nxe8 Rxd1+ 19. Kxd1 Rxe8 20. Bf3 Kf6
21. Kc2 Rd8 22. Re1 Rd6 23. h4 g5 24. fxg5+ hxg5 25. Rf1 Kg6 26. hxg5 Nd8 27.
Rh1 Kxg5 28. Rh5+ Kf4 29. Rh4+ Kg3 30. Rd4 Rxd4 31. cxd4 Kf4 32. Kc3 f5 33. Kc4
b6 34. a4 Nf7 35. Kc3 Nd6 36. Kd3 Kg3 37. b3 a5 38. Ke3 b5 39. Bc6 bxa4 40.
bxa4 f4+ 41. Kd3 Kf2 42. Bf3 Kg3 1/2-1/2

[Event "XXVI Torneo Abierto de Collado"]
[Site "Collado Villalba"]
[Date "2010.08.20"]
[Round "1"]
[White "Sanchez Gonzalez, Sergio"]
[Black "Ledo Galan, Jose Emilio"]
[Result "1-0"]
[WhiteElo "2311"]
[BlackElo "1977"]
[PlyCount "65"]
[EventDate "2010.08.20"]
[EventRounds "9"]
[EventCountry "ESP"]

1. c4 Nf6 2. Nc3 g6 3. e4 d6 4. d4 Bg7 5. Be2 Nbd7 6. Nf3 O-O 7. O-O h6 8. h3
e5 9. Be3 Re8 10. d5 Kh7 11. b4 Nh5 12. Re1 Nf4 13. Bf1 Nf6 14. c5 Rg8 15. Qc2
g5 16. Nh2 N6h5 17. cxd6 cxd6 18. Nb5 Bf8 19. Nc7 Nxg2 20. Bxg2 g4 21. hxg4
Bxg4 22. Nxg4 Rc8 23. Qe2 Qh4 24. Rac1 Rxg4 25. Qf3 Be7 26. Qf5+ Rg6 27. Qxc8
Qxe4 28. Qh3 Nf4 29. Bxf4 Qxf4 30. Kf1 f5 31. Ne6 Qxb4 32. Rc7 Qb5+ 33. Kg1 1-0

[Event "XXVI Torneo Abierto de Collado"]
[Site "Collado Villalba"]
[Date "2010.08.20"]
[Round "1"]
[White "Perez Cameselle, Francisco"]
[Black "Sanchez Jerez, Emilio Miguel"]
[Result "0-1"]
[WhiteElo "1974"]
[BlackElo "2301"]
[PlyCount "66"]
[EventDate "2010.08.20"]
[EventRounds "9"]
[EventCountry "ESP"]

1. Nf3 g6 2. g3 Bg7 3. Bg2 Nf6 4. O-O O-O 5. d3 c5 6. e4 Nc6 7. Nbd2 b5 8. a4
b4 9. Re1 e5 10. Nc4 d6 11. c3 Rb8 12. Rf1 Ba6 13. Nfd2 Re8 14. f4 exf4 15.
gxf4 bxc3 16. bxc3 d5 17. exd5 Nxd5 18. Qf3 Nxc3 19. Qxc6 Bb7 20. Qd6 Ne2+ 21.
Kh1 Bxa1 22. Bxb7 Rxb7 23. Ba3 Rd7 24. Qxc5 Rxd3 25. Qc6 Nd4 26. Qb7 Nc2 27.
Rxa1 Nxa1 28. Ne4 Rxe4 29. Qxe4 Qd5 30. Qxd5 Rxd5 31. Bb2 Nb3 32. Kg2 Na5 33.
Nxa5 Rxa5 0-1

[Event "XXVI Torneo Abierto de Collado"]
[Site "Collado Villalba"]
[Date "2010.08.20"]
[Round "1"]
[White "Alcazar Jimenez, Jesus"]
[Black "Gordillo, Manuel"]
[Result "1-0"]
[WhiteElo "2287"]
[BlackElo "1965"]
[PlyCount "61"]
[EventDate "2010.08.20"]
[EventRounds "9"]
[EventCountry "ESP"]

1. e4 e6 2. d4 d5 3. exd5 exd5 4. Nf3 Nf6 5. Bd3 Bd6 6. c4 dxc4 7. Bxc4 O-O 8.
O-O Bg4 9. h3 Bh5 10. g4 Bg6 11. Ne5 c6 12. Nc3 Nbd7 13. f4 Nb6 14. f5 Nxg4 15.
Qxg4 h5 16. Qxg6 Nxc4 17. Qxh5 Nxe5 18. dxe5 Bxe5 19. Be3 Qd3 20. Rf3 Qc2 21.
Rf2 Qd3 22. Re1 Rfe8 23. Rd2 Qa6 24. Rd7 Rf8 25. Bd4 Bxd4+ 26. Rxd4 Qb6 27.
Ree4 Rad8 28. Na4 Qc7 29. Rh4 f6 30. Qh7+ Kf7 31. Qxg7+ 1-0

[Event "XXVI Torneo Abierto de Collado"]
[Site "Collado Villalba"]
[Date "2010.08.20"]
[Round "1"]
[White "Hernandez Yanez, Javier"]
[Black "Longa Yauca, Javier"]
[Result "0-1"]
[WhiteElo "1955"]
[BlackElo "2285"]
[PlyCount "64"]
[EventDate "2010.08.20"]
[EventRounds "9"]
[EventCountry "ESP"]

1. d4 Nf6 2. Nf3 d6 3. c4 Bg4 4. Qb3 Qc8 5. g3 c6 6. Bg2 Nbd7 7. Nc3 e5 8. e3
h6 9. Qc2 Be7 10. h3 Bh5 11. Nh4 g5 12. Nf5 Bf8 13. b3 Bg6 14. g4 h5 15. f3 Qc7
16. Ba3 Qa5 17. Bb2 e4 18. O-O exf3 19. Bxf3 hxg4 20. hxg4 Rh4 21. Qg2 Bxf5 22.
gxf5 g4 23. Bxc6 bxc6 24. Qxc6 Rb8 25. Rae1 Be7 26. Re2 Kf8 27. e4 Kg7 28. Nd5
Rbh8 29. Bc3 Rh1+ 30. Kf2 R8h2+ 31. Ke1 Rxe2+ 32. Kxe2 Qxa2+ 0-1

[Event "XXVI Torneo Abierto de Collado"]
[Site "Collado Villalba"]
[Date "2010.08.20"]
[Round "1"]
[White "Ramirez Garcia, Jorge Alberto"]
[Black "Cano Cabanillas, Javier"]
[Result "1-0"]
[WhiteElo "2241"]
[BlackElo "1955"]
[PlyCount "73"]
[EventDate "2010.08.20"]
[EventRounds "9"]
[EventCountry "ESP"]

1. d4 Nf6 2. c4 g6 3. g3 Bg7 4. Bg2 d5 5. cxd5 Nxd5 6. Nf3 O-O 7. O-O c5 8. e4
Nb6 9. dxc5 Qxd1 10. Rxd1 Na4 11. Nc3 Nxc5 12. Be3 Nba6 13. Nd4 Bg4 14. f3 Bd7
15. Bf1 Rfd8 16. Rd2 b6 17. Rad1 Be8 18. Nd5 e6 19. Nxe6 Rxd5 20. exd5 fxe6 21.
dxe6 Bf6 22. Bf4 Bc6 23. Kf2 Re8 24. a3 Ba4 25. b4 Bxd1 26. bxc5 Nxc5 27. Rxd1
Nxe6 28. Bc4 Kf7 29. Rd7+ Re7 30. Rd6 Bb2 31. Bg5 Bf6 32. f4 Re8 33. g4 Re7 34.
Bd5 Re8 35. h4 Re7 36. Rxe6 Bd4+ 37. Re3+ 1-0

[Event "XXVI Torneo Abierto de Collado"]
[Site "Collado Villalba"]
[Date "2010.08.20"]
[Round "1"]
[White "Rodriguez De Robles, Ignacio"]
[Black "De La Fuente Gonzalez, Francisc"]
[Result "1/2-1/2"]
[WhiteElo "1941"]
[BlackElo "2240"]
[PlyCount "94"]
[EventDate "2010.08.20"]
[EventRounds "9"]
[EventCountry "ESP"]

1. e4 e5 2. Nf3 Nf6 3. Nxe5 d6 4. Nf3 Nxe4 5. d4 d5 6. Bd3 Nc6 7. O-O Be7 8. c4
Nb4 9. cxd5 Nxd3 10. Qxd3 Qxd5 11. Re1 Bf5 12. Nc3 Nxc3 13. Qxc3 Be6 14. Qxc7
Bd6 15. Qc3 O-O 16. Be3 Rac8 17. Qd2 Bf5 18. Rec1 Be4 19. Ne1 Rxc1 20. Qxc1 Bb4
21. f3 Bf5 22. Bf2 h6 23. a3 Bd6 24. Qd2 Re8 25. Nd3 Qb5 26. Re1 Rd8 27. Nf4
Qb3 28. Ne2 Re8 29. Ng3 Rxe1+ 30. Bxe1 Bxg3 31. Bxg3 Qd3 32. Qxd3 Bxd3 33. Bb8
a6 34. d5 Kf8 35. Kf2 Ke7 36. Ke3 Bf1 37. g3 Bc4 38. Kd4 Be2 39. Ke4 g6 40. f4
h5 41. f5 Bg4 42. fxg6 fxg6 43. Ke5 Bf5 44. h4 Kd7 45. b4 Bc2 46. Kf6 Be4 47.
a4 Bxd5 1/2-1/2

[Event "XXVI Torneo Abierto de Collado"]
[Site "Collado Villalba"]
[Date "2010.08.20"]
[Round "1"]
[White "Gal, Eugen"]
[Black "Sanz Castillo, Santiago"]
[Result "0-1"]
[WhiteElo "1934"]
[BlackElo "2228"]
[PlyCount "52"]
[EventDate "2010.08.20"]
[EventRounds "9"]
[EventCountry "ESP"]

1. e4 e6 2. d4 d5 3. exd5 exd5 4. c4 Nf6 5. Nc3 Be7 6. Qa4+ c6 7. Nf3 Nbd7 8.
c5 O-O 9. Bd3 Re8 10. O-O Bf8 11. Bg5 h6 12. Bh4 g5 13. Bg3 Ne4 14. Ne5 Nxg3
15. hxg3 Nxe5 16. dxe5 Rxe5 17. b4 Qe7 18. Qc2 Bg7 19. Rad1 Bg4 20. f3 Bd7 21.
Ne2 a5 22. a3 axb4 23. axb4 Re3 24. f4 Bg4 25. Rd2 Ra3 26. fxg5 Raxd3 0-1

[Event "XXVI Torneo Abierto de Collado"]
[Site "Collado Villalba"]
[Date "2010.08.20"]
[Round "1"]
[White "Solaesa Navalpotro, Luis Julio"]
[Black "Barahona Torrijos, Angel"]
[Result "1-0"]
[WhiteElo "2227"]
[BlackElo "1927"]
[PlyCount "46"]
[EventDate "2010.08.20"]
[EventRounds "9"]
[EventCountry "ESP"]

1. d4 Nf6 2. Bg5 Ne4 3. Bf4 c5 4. f3 Nf6 5. dxc5 Nc6 6. Qd2 e5 7. Be3 d5 8.
cxd6 Bxd6 9. Nc3 Bf5 10. O-O-O Be7 11. Qxd8+ Rxd8 12. Rxd8+ Kxd8 13. Bd2 e4 14.
g4 Be6 15. g5 Nd5 16. Nxe4 b5 17. Bh3 Kd7 18. Bxe6+ Kxe6 19. Nh3 Rc8 20. Kb1 b4
21. c4 bxc3 22. Nxc3 Rd8 23. Nxd5 Rxd5 1-0

[Event "XXVI Torneo Abierto de Collado"]
[Site "Collado Villalba"]
[Date "2010.08.20"]
[Round "1"]
[White "Jordana Vargas, Julio"]
[Black "Madina Yadarola, Martin"]
[Result "0-1"]
[WhiteElo "1922"]
[BlackElo "2226"]
[PlyCount "69"]
[EventDate "2010.08.20"]
[EventRounds "9"]
[EventCountry "ESP"]

1. d4 Nf6 2. Nf3 d5 3. g3 Bf5 4. Bg2 c6 5. O-O h6 6. c4 e6 7. b3 Nbd7 8. Bb2
Bd6 9. Nbd2 O-O 10. Ne5 Qc7 11. cxd5 exd5 12. Nxd7 Qxd7 13. Re1 Bb4 14. f3 Rfe8
15. a3 Bxd2 16. Qxd2 Re7 17. e3 Rae8 18. Re2 g5 19. Rae1 g4 20. e4 gxf3 21.
Bxf3 Bxe4 22. Bxe4 Rxe4 23. Rxe4 Rxe4 24. Rxe4 Nxe4 25. Qxh6 Qg4 26. Qf4 Qh5
27. Bc1 Qd1+ 28. Kg2 Qxd4 29. Be3 Qd1 30. Kh3 c5 31. Qe5 Qf3 32. Bg1 Qf1+ 33.
Kg4 Qxg1 34. Qe8+ Kg7 35. Qe5+ 0-1

[Event "XXVI Torneo Abierto de Collado"]
[Site "Collado Villalba"]
[Date "2010.08.20"]
[Round "1"]
[White "Velasco Garcia, Jorge Juan"]
[Black "Pastor Alonso De Prado, Emilio"]
[Result "1/2-1/2"]
[WhiteElo "1910"]
[BlackElo "2195"]
[PlyCount "63"]
[EventDate "2010.08.20"]
[EventRounds "9"]
[EventCountry "ESP"]

1. d4 Nf6 2. Nf3 d5 3. c4 c6 4. Nc3 a6 5. cxd5 cxd5 6. Bg5 e6 7. e3 Nc6 8. Bd3
Be7 9. O-O O-O 10. Rc1 Bd7 11. Ne5 Ne8 12. Bxh7+ Kxh7 13. Qh5+ Kg8 14. f4 Nxe5
15. dxe5 Bxg5 16. fxg5 g6 17. Qh6 Qb8 18. Rf3 Qxe5 19. Rcf1 Qg7 20. Qh4 Rc8 21.
Nd1 Rc4 22. Qg3 e5 23. Nf2 e4 24. Rf6 Nxf6 25. gxf6 Qxf6 26. Ng4 Qxb2 27. Nf6+
Kg7 28. Nh5+ Kh8 29. Nf6 Bf5 30. Qg5 Kg7 31. Nh5+ Kh7 32. Nf6+ 1/2-1/2

[Event "XXVI Torneo Abierto de Collado"]
[Site "Collado Villalba"]
[Date "2010.08.20"]
[Round "1"]
[White "Cao Armillas, Jesus"]
[Black "Bolea Jover, Jose"]
[Result "0-1"]
[WhiteElo "2191"]
[BlackElo "1909"]
[PlyCount "90"]
[EventDate "2010.08.20"]
[EventRounds "9"]
[EventCountry "ESP"]

1. d4 d5 2. c4 c6 3. Nf3 Nf6 4. Nc3 e6 5. e3 Nbd7 6. Bd3 Bd6 7. e4 dxe4 8. Nxe4
Nxe4 9. Bxe4 Nf6 10. Bc2 Qa5+ 11. Bd2 Bb4 12. O-O Bxd2 13. Nxd2 Qb4 14. Rb1 O-O
15. Qe2 Rd8 16. Nf3 c5 17. dxc5 Qxc5 18. b4 Qh5 19. Qe3 b5 20. c5 Bb7 21. Ne5
Nd5 22. Qg3 Rac8 23. Be4 f6 24. Ng4 Kf8 25. Bf3 Nc3 26. Rbe1 Bxf3 27. Qxf3 Nxa2
28. Rxe6 Qd5 29. Qe2 Nc3 30. Qe3 Qc4 31. Nxf6 Qxf1+ 32. Kxf1 Rd1+ 33. Qe1 Rxe1+
34. Kxe1 gxf6 35. Rxf6+ Kg7 36. Rf3 Nd5 37. Rg3+ Kf6 38. Rg4 a5 39. bxa5 Rxc5
40. Rh4 b4 41. Rd4 b3 42. Rd1 Nc3 43. Rd2 Re5+ 44. Kf1 Rxa5 45. g3 Ra2 0-1

[Event "XXVI Torneo Abierto de Collado"]
[Site "Collado Villalba"]
[Date "2010.08.20"]
[Round "1"]
[White "Herrero Corada, Jose Ignacio"]
[Black "Semprun Martinez, Fernando"]
[Result "0-1"]
[WhiteElo "1891"]
[BlackElo "2159"]
[PlyCount "42"]
[EventDate "2010.08.20"]
[EventRounds "9"]
[EventCountry "ESP"]

1. e4 c5 2. d4 cxd4 3. c3 Nf6 4. e5 Nd5 5. Bc4 Nb6 6. Bb3 Nc6 7. Nf3 d5 8. h3
dxc3 9. Nxc3 e6 10. O-O Be7 11. Be3 O-O 12. a3 f6 13. Bd4 fxe5 14. Nxe5 Nxd4
15. Qxd4 Nd7 16. Nxd5 Bc5 17. Qe4 Nxe5 18. Rad1 Bd6 19. Nf4 Qe7 20. Bc2 g6 21.
Qd4 Nf3+ 0-1

[Event "XXVI Torneo Abierto de Collado"]
[Site "Collado Villalba"]
[Date "2010.08.20"]
[Round "1"]
[White "Garcia Salamero, Gabriel"]
[Black "Tevar Sanz, Gonzalo"]
[Result "1-0"]
[WhiteElo "2157"]
[BlackElo "1887"]
[PlyCount "67"]
[EventDate "2010.08.20"]
[EventRounds "9"]
[EventCountry "ESP"]

1. e4 e6 2. d4 d5 3. e5 c5 4. c3 Qb6 5. Nf3 Nc6 6. a3 c4 7. g3 Bd7 8. Nbd2 Na5
9. Bh3 Ne7 10. O-O h6 11. Ne1 Nb3 12. Nxb3 Ba4 13. f4 Nc6 14. Qf3 Bxb3 15. f5
O-O-O 16. fxe6 fxe6 17. Bxe6+ Kb8 18. Bh3 Nxe5 19. Bf4 Bd6 20. Qxd5 Nd3 21.
Nxd3 Bxf4 22. Qe4 cxd3 23. Qxf4+ Ka8 24. Bg2 a5 25. Rae1 Bc4 26. Qd2 Rhf8 27.
b4 a4 28. Rxf8 Rxf8 29. Re7 g5 30. Qe3 Qf6 31. Re8+ Ka7 32. d5+ b6 33. Re6 Qd8
34. Qd4 1-0

[Event "XXVI Torneo Abierto de Collado"]
[Site "Collado Villalba"]
[Date "2010.08.20"]
[Round "1"]
[White "Marcos Herrero, Francisco"]
[Black "Cardenas Serrano, Sergio"]
[Result "1/2-1/2"]
[WhiteElo "1880"]
[BlackElo "2136"]
[PlyCount "140"]
[EventDate "2010.08.20"]
[EventRounds "9"]
[EventCountry "ESP"]

1. d4 Nf6 2. Nf3 g6 3. g3 Bg7 4. Bg2 O-O 5. c4 d6 6. Nc3 Nbd7 7. O-O e5 8. Qc2
Re8 9. e4 exd4 10. Nxd4 Nc5 11. Rd1 a5 12. b3 Bg4 13. f3 Bd7 14. Be3 Qb8 15.
Rab1 c6 16. Nde2 Na6 17. Na4 b5 18. Nb6 Ra7 19. Qd2 Bf8 20. Nxd7 Rxd7 21. Qxa5
Nc7 22. Nd4 Qb7 23. cxb5 cxb5 24. Qc3 d5 25. Bg5 Bg7 26. Qc6 Qxc6 27. Nxc6 dxe4
28. Rxd7 Nxd7 29. fxe4 Nc5 30. Rc1 N5e6 31. Be3 h5 32. Rc2 Kf8 33. Kf2 Ra8 34.
Bf1 Ke8 35. Bb6 Kd7 36. Nb4 Rb8 37. Be3 Bf8 38. Nd5 Bd6 39. Bh3 Ke8 40. Nxc7+
Nxc7 41. Bf4 Bxf4 42. gxf4 Ne6 43. Bxe6 fxe6 44. Ke3 Rb7 45. Kd4 Ke7 46. Ke5 b4
47. h4 Rb5+ 48. Kd4 Rb7 49. Rc5 Ra7 50. Rb5 Rxa2 51. Rxb4 Rh2 52. Ke5 Rxh4 53.
Rb7+ Kf8 54. Rb6 Rg4 55. Rxe6 h4 56. Ra6 h3 57. Ra1 h2 58. Rh1 Rg2 59. Kf6 Ke8
60. e5 Kd7 61. b4 Rg4 62. e6+ Ke8 63. Ke5 Rg2 64. b5 g5 65. fxg5 Rxg5+ 66. Kd6
Rxb5 67. Rxh2 Rb6+ 68. Ke5 Rb1 69. Rh8+ Ke7 70. Rh7+ Ke8 1/2-1/2

[Event "XXVI Torneo Abierto de Collado"]
[Site "Collado Villalba"]
[Date "2010.08.20"]
[Round "1"]
[White "Labarta Gonzalez, Ivan B"]
[Black "Martin Carmona, Gaston"]
[Result "1-0"]
[WhiteElo "2129"]
[BlackElo "1875"]
[PlyCount "97"]
[EventDate "2010.08.20"]
[EventRounds "9"]
[EventCountry "ESP"]

1. e4 c5 2. c3 d6 3. d4 Nf6 4. dxc5 Nc6 5. Bb5 Nxe4 6. cxd6 Qxd6 7. Qe2 Bf5 8.
Nf3 O-O-O 9. O-O Nc5 10. Nd4 Be4 11. Be3 Qg6 12. g3 Ne5 13. f3 Bd3 14. Bxd3
Qxd3 15. Qxd3 Ncxd3 16. b3 e6 17. Nd2 Ba3 18. Ne4 h6 19. Rad1 Nc5 20. Nxc5 Bxc5
21. Kg2 Rd7 22. Kf2 Rhd8 23. Ke2 Rd6 24. Bf4 Rd5 25. h3 Ng6 26. Be3 Kc7 27. f4
Ne7 28. Nb5+ Kb6 29. Bxc5+ Kxc5 30. Rxd5+ exd5 31. Nd4 Re8 32. Kd3 Nc6 33. Nf5
Re6 34. Nxg7 Rg6 35. Nh5 f5 36. Re1 Kd6 37. a4 Ne7 38. Re5 a5 39. Ke2 d4 40.
cxd4 Nc6 41. Re3 Nxd4+ 42. Kd2 b6 43. Kc3 Kc5 44. Re5+ Kc6 45. Kxd4 Kd6 46.
Rxf5 Ke6 47. Rf6+ Rxf6 48. Nxf6 Kxf6 49. g4 1-0

[Event "XXVI Torneo Abierto de Collado"]
[Site "Collado Villalba"]
[Date "2010.08.20"]
[Round "1"]
[White "Pardo Robles, Jose Manuel"]
[Black "Lorite Cruz, Francisco"]
[Result "1/2-1/2"]
[WhiteElo "1874"]
[BlackElo "2127"]
[PlyCount "74"]
[EventDate "2010.08.20"]
[EventRounds "9"]
[EventCountry "ESP"]

1. d4 g6 2. c4 Bg7 3. Nc3 f5 4. Nf3 Nf6 5. g3 d6 6. Bg2 c6 7. O-O O-O 8. b3 Qe8
9. Qc2 Nbd7 10. Ba3 Nb6 11. Rad1 h6 12. h4 Nh7 13. e3 Nd7 14. d5 c5 15. Ne2 g5
16. Bb2 Ndf6 17. Nc3 a6 18. Rfe1 Qh5 19. e4 fxe4 20. Nxe4 Bg4 21. Nxf6+ Nxf6
22. Rxe7 gxh4 23. Rde1 Bf5 24. Qd2 hxg3 25. fxg3 Rf7 26. Rxf7 Qxf7 27. Nh4 Bd7
28. Qf4 Nh5 29. Qxf7+ Kxf7 30. Bxg7 Nxg7 31. Be4 Kg8 32. Bg6 Ne8 33. Nf5 Bxf5
34. Bxf5 Kf7 35. Re6 Rd8 36. Bh3 Nf6 37. g4 b5 1/2-1/2

[Event "XXVI Torneo Abierto de Collado"]
[Site "Collado Villalba"]
[Date "2010.08.20"]
[Round "1"]
[White "Rodriguez De Castro, Ayar"]
[Black "Pablos Tenrero, Raquel"]
[Result "1-0"]
[WhiteElo "2121"]
[BlackElo "1868"]
[PlyCount "75"]
[EventDate "2010.08.20"]
[EventRounds "9"]
[EventCountry "ESP"]

1. d4 d5 2. c4 c6 3. e3 Nf6 4. Nc3 e6 5. Nf3 Nbd7 6. Qc2 Bd6 7. Bd3 b6 8. e4
dxe4 9. Nxe4 Bb4+ 10. Nc3 Bb7 11. O-O O-O 12. Bg5 Qc7 13. Rad1 h6 14. Bh4 Bd6
15. Rfe1 Rfe8 16. a3 e5 17. Bg3 exd4 18. Nxd4 Bxg3 19. hxg3 Ne5 20. Ne4 Nfd7
21. Nf5 c5 22. Ned6 Re6 23. Nxb7 Qxb7 24. Be4 Nc6 25. Bxc6 Rxc6 26. Ne7+ Kh8
27. Nxc6 Qxc6 28. Re7 Nf6 29. Rxf7 Qe6 30. Qg6 Rg8 31. Rxg7 Rxg7 32. Rd8+ Rg8
33. Qxh6+ Nh7 34. Qxe6 Rxd8 35. g4 Rd1+ 36. Kh2 Rd4 37. f4 Kg7 38. g5 1-0